| 000 | 01655nam a22002417a 4500 | ||
|---|---|---|---|
| 005 | 20120912164212.0 | ||
| 010 | _aB-472493-97 | ||
| 020 | _c180 .00 | ||
| 035 | _aB-472493-97 | ||
| 037 | _bBPPD | ||
| 082 | _a270 | ||
| 100 |
_aمحمد عبد اللہ طا ر ق _952308 |
||
| 245 |
_aر مضا ں کيا ہے _cمو لا نا محمد عبد اللہ طا رق _bر مضا ں کيا ھے |
||
| 260 |
_aنئ دھلی _bقا ضی پبليشرزا ينڈ ڈ سٹر ی بيو ثر ز _c2009 |
||
| 270 |
_aبی 35-نظا مد ين،و يسٹ _bنئ دھلی _e110002 |
||
| 300 |
_a208 ص _c21 Cm. (Pb) |
||
| 942 |
_2ddc _cUR _h270 _mم ح م |
||
| 999 |
_c69995 _d69995 |
||